000 00590nam a2200229 i 4500
001 C2-0120906
003 PPAK
005 20180727112820.0
008 970816s io |||| ||||| | may d
040 _aPPAK
_beng
_cPPAK
_erda
082 0 4 _a899.221
_223
090 0 0 _a899.221
_bPER
_dKIH
245 0 0 _aPercikan puisi Al-Quran
264 1 _aSurabaya :
_bDewan Kesenian Surabaya ,
300 _a20 pages ;
_c20 cm
336 _2rdacontent
_atext
337 _2rdamedia
_aunmediated
338 _2rdacarrier
_avolume
650 1 0 _aIndonesian poetry
700 _eauthor
942 _ddc
_cB
999 _c34087
_d34087